000 00687nam a2200229 4500
003 OSt
005 20240624001858.0
006 a
008 240624b |||||||| |||| 00| 0 eng d
020 _a9781926692524
040 _aDWCL-Main lib.
_cOC
082 _2First edition
_aCirc. 910.02 En61 2010
100 _aGarcia, Hector
245 _aEnvironmental geography /
250 _aFirst edition
260 _aOakville, ON :
_bApple Academic Press, Inc. ,
_cc2010.
300 _b311 p. : ill. ;
_c24 cm.
504 _aIncludes bibliographical references & index.
650 _a1. Physical geography.
650 _a2. Geography.
942 _2ddc
_n0
_cBK-CIRC
_eFirst edition
_kCirc.
999 _c1153
_d1153